<?xml version="1.0" encoding="UTF-8"?>
<record
    xmlns:xsi="http://www.w3.org/2001/XMLSchema-instance"
    xsi:schemaLocation="http://www.loc.gov/MARC21/slim http://www.loc.gov/standards/marcxml/schema/MARC21slim.xsd"
    xmlns="http://www.loc.gov/MARC21/slim">

  <leader>00552nam a2200145Ia 4500</leader>
  <controlfield tag="008">100122s9999    xx            000 0 und d</controlfield>
  <datafield tag="082" ind1=" " ind2=" ">
    <subfield code="b">12657</subfield>
    <subfield code="a">922.94</subfield>
  </datafield>
  <datafield tag="100" ind1=" " ind2=" ">
    <subfield code="a">&#x924;&#x941;&#x933;&#x92A;&#x941;&#x933;&#x947; &#x917; &#x935;&#x93F;</subfield>
  </datafield>
  <datafield tag="245" ind1=" " ind2=" ">
    <subfield code="a">&#x924;&#x941;&#x915;&#x93E;&#x930;&#x93E;&#x92E; &#x92D;&#x915;&#x94D;&#x924;&#x940;&#x91A;&#x93E; &#x921;&#x93E;&#x902;&#x917;&#x94B;&#x930;&#x93E;</subfield>
  </datafield>
  <datafield tag="260" ind1=" " ind2=" ">
    <subfield code="b">&#x917;&#x923;&#x92A;&#x924;&#x940; &#x938;&#x902;&#x938;&#x94D;&#x925;&#x93E;&#x928; &#x92A;&#x94D;&#x930;&#x947;&#x938;</subfield>
    <subfield code="c">1962</subfield>
  </datafield>
  <datafield tag="300" ind1=" " ind2=" ">
    <subfield code="a">156</subfield>
  </datafield>
  <datafield tag="630" ind1=" " ind2=" ">
    <subfield code="a">&#x924;&#x941;&#x915;&#x93E;&#x930;&#x93E;&#x92E; &#x92D;&#x915;&#x94D;&#x924;&#x940;&#x91A;&#x93E; &#x921;&#x93E;&#x902;&#x917;&#x94B;&#x930;&#x93E;</subfield>
  </datafield>
  <datafield tag="730" ind1=" " ind2=" ">
    <subfield code="a">&#x924;&#x941;&#x915;&#x93E;&#x930;&#x93E;&#x92E; &#x92D;&#x915;&#x94D;&#x924;&#x940;&#x91A;&#x93E; &#x921;&#x93E;&#x902;&#x917;&#x94B;&#x930;&#x93E;</subfield>
  </datafield>
  <datafield tag="942" ind1=" " ind2=" ">
    <subfield code="c">BOOK</subfield>
  </datafield>
  <datafield tag="999" ind1=" " ind2=" ">
    <subfield code="c">403760</subfield>
    <subfield code="d">403757</subfield>
  </datafield>
</record>
